|
|
|
|
| LEADER |
01300nam a2200385 a 4500 |
| 001 |
000529559 |
| 003 |
CZ BrMZK |
| 005 |
20190917131641.0 |
| 007 |
ta |
| 008 |
010907s2000 xr a e f 000 0 cze |
| 015 |
|
|
|a cnb000886241
|
| 020 |
|
|
|a 80-7236-142-2
|
| 035 |
|
|
|a (OCoLC)84996414
|
| 040 |
|
|
|a BOA001
|b cze
|
| 041 |
1 |
|
|a cze
|h ger
|
| 072 |
|
7 |
|a 636
|x Chov zvířat. Živočišná výroba
|2 Konspekt
|9 24
|
| 080 |
|
|
|a 636.7
|2 MRF
|
| 080 |
|
|
|a 636.08
|2 MRF
|
| 080 |
|
|
|a (035)
|2 MRF
|
| 100 |
1 |
|
|a Schlegl-Kofler, Katharina
|7 xx0059535
|4 aut
|
| 245 |
1 |
0 |
|a Dalmatin /
|c Katharina Schleglová-Koflerová ; fotografie Monika Weglerová ; kresby Renate Holznerová
|
| 250 |
|
|
|a Čes. vyd. 1.
|
| 260 |
|
|
|a Praha :
|b Jan Vašut,
|c 2000
|
| 300 |
|
|
|a 63 s. :
|b il. (větš. barev.) ;
|c 20 cm
|
| 490 |
1 |
|
|a Jak na to
|
| 650 |
0 |
7 |
|a dalmatin
|7 ph187973
|2 czenas
|
| 650 |
0 |
7 |
|a chov domácích zvířat
|7 ph119200
|2 czenas
|
| 655 |
|
7 |
|a příručky
|7 fd133209
|2 czenas
|
| 700 |
1 |
|
|a Holzner, Renate
|7 jn20000810205
|4 ill
|
| 700 |
1 |
|
|a Wegler, Monika,
|d 1949-
|7 jn20001005501
|4 aut
|
| 765 |
0 |
|
|t Dalmatiner
|9 Česky
|
| 830 |
|
0 |
|a Jak na to (Jan Vašut)
|0 s
|
| 910 |
|
|
|a BOA001
|b 2-1076.043
|
| 990 |
|
|
|a BK
|
| 996 |
6 |
|
|b 2610120016
|c 2-1076.043
|l MZK
|r Sklad / do 1 hodiny
|n 2
|p p.v.
|w 000529559
|u 000010
|a 1
|e BOA001
|j MZK50
|s P
|